History Quiz

Random History or Company Quiz

Original Fortune 500 Quiz Stats

 Plays Quiz Updated Sep 28, 2015

Challenge
Share
Tweet
Embed
Score 0/20 Timer 05:00
7 Plays Today
Rank Company % Correct
1General Motors
91.4%
2Standard Oil of NJ
79.4%
13CBS
62.9%
4General Electric
61.5%
16Shell Oil
58.8%
6Chrysler
57.9%
20Boeing
57.8%
15AT&T Technologies
53.4%
9Mobil
45.3%
17Kraft
45.2%
Rank Company % Correct
18Standard Oil of California
44.2%
14Texaco
42.7%
11Amoco
36.9%
10DuPont
34.2%
3U.S. Steel
33.9%
8Gulf Oil
19.2%
12Bethlehem Steel
13.7%
19Goodyear Tire & Rubber
11.3%
7Armour
10.4%
5Swift and Company
9.2%

You're not logged in!

Compare scores with friends on all Sporcle quizzes.
Join for Free
OR
Log In

You Might Also Like...

Show Comments

Extras

Top Quizzes Today


Score Distribution

Your Account Isn't Verified!

In order to create a playlist on Sporcle, you need to verify the email address you used during registration. Go to your Sporcle Settings to finish the process.

Report this User

Report this user for behavior that violates our Community Guidelines.

Details: